| 000 | 01303nam a2200349 c 4500 | ||
|---|---|---|---|
| 003 | BLK | ||
| 005 | 20230407030347.0 | ||
| 008 | 180409b bul|||||r ||||||| ||bul|| | ||
| 010 | _aKNG00110052000 | ||
| 020 |
_a954-9931-51-Х _bиздат.: Лодос |
||
| 040 | _aBLK | ||
| 041 |
_aBUL _cBUL |
||
| 080 |
_aБългарска литература _b821.163.2 _x-4(081)(075) _z821.163.2-4(081)(075) |
||
| 080 |
_aЛитература _b82 _x.01-4(075) _z82.01-4(075) |
||
| 100 | 1 |
_aМладенова, Фани Димитрова _eпърви автор _9297983 |
|
| 139 |
_aМладенова, Фани Димитрова _bМ 77 |
||
| 245 | 1 | 0 |
_aЕсета _bДушата ми - прашинка в Космоса _cФани Димитрова Младенова. |
| 257 | _aBGR | ||
| 260 |
_аСофия _bЛодос _c2002 _fСофия : Симолини 94 |
||
| 300 |
_a91 с. _c20 см |
||
| 380 | _aX | ||
| 650 | 4 |
_aЕсе - учебни помагала _9292599 |
|
| 650 | 4 |
_aБългарска литература - учебни помагала _9242720 |
|
| 653 | _aесета | ||
| 653 | _aметодики | ||
| 653 | _aлитература | ||
| 852 | _aЦб 217407 | ||
| 856 | 4 |
_qpdf _u |
|
| 856 | 4 |
_qpdf _u |
|
| 942 |
_cKNG _n0 _01 |
||
| 944 |
_aCR _c09.01.2004 _kЦветанка_Енчева |
||
| 944 |
_aED _c17.06.2004 _k |
||
| 999 |
_c104937 _d104937 |
||